Normal view
MARC view
- Umme-E- Aimen
Entry Personal Name
001 - CONTROL NUMBER
- control field: 17312
003 - CONTROL NUMBER IDENTIFIER
- control field: NUST
005 - DATE AND TIME OF LATEST TRANSACTION
- control field: 20190710104849.0
008 - FIXED-LENGTH DATA ELEMENTS
- fixed length control field: 190710|| aca||aabn | a|a d
040 ## - CATALOGING SOURCE
- Original cataloging agency: NUST
- Transcribing agency: NUST
100 ## - HEADING--PERSONAL NAME
- Personal name: Umme-E- Aimen
670 ## - SOURCE DATA FOUND
- Source citation: Work cat.: (NUST): Umme-E- Aimen, Fault Tolerant Tracking Control of an Unmanned Aerial Vehicle Subject to Actuator Faults /, 2018.
